Table Tennis 2026 Teams' World Championships (Male and Female) - Statistics

General Stats
  • This quiz has been taken 9 times
    6 since last reset
  • The average score is 74 of 128
Answer Stats
Group Answer % Correct
10 | 11 Australia
100%
13 Austria
100%
1 China
100%
2 France
100%
Germany
100%
Japan
100%
9 Romania
100%
5 Slovenia
100%
South Korea
100%
Sweden
100%
Argentina
83%
Belgium
83%
4 | 5 Brazil
83%
16 Canada
83%
3 Denmark
83%
3 | 11 Egypt
83%
England
83%
6 | 7 India
83%
Netherlands
83%
New Zealand
83%
Nigeria
83%
North Korea
83%
9 | 12 Poland
83%
Slovakia
83%
Spain
83%
Taiwan
83%
Ukraine
83%
12 | 14 USA
83%
8 | 13 Croatia
67%
Cuba
67%
Greece
67%
4 | 15 Hong Kong
67%
Hungary
67%
Kazakhstan
67%
Luxembourg
67%
Macau
67%
Malaysia
67%
Mexico
67%
6 | 10 Portugal
67%
Singapore
67%
Switzerland
67%
Thailand
67%
Angola
50%
Chile
50%
Peru
50%
Puerto Rico
50%
Serbia
50%
South Africa
50%
Czechia
33%
Dominican Republic
33%
Fiji
33%
Mongolia
33%
Morocco
33%
Namibia
33%
Qatar
33%
Saudi Arabia
33%
Algeria
17%
Bahrain
17%
Costa Rica
17%
Cote d'Ivoire
17%
DR Congo
17%
Ethiopia
17%
Italy
17%
Rwanda
17%
Sri Lanka
17%
Togo
17%
Tunisia
17%
Turkey
17%
Uganda
17%
Wales
17%
Benin
0%
Cameroon
0%
Ghana
0%
Guatemala
0%
Madagascar
0%
Moldova
0%
New Caledonia
0%
Syria
0%
Tahiti
0%
Trinidad and Tobago
0%
Uzbekistan
0%
No matching quizzes found
Score Distribution
Percent of People with Each Score
Percentile by Number Answered
Your Score History
You have not taken this quiz since the last reset